| 000 | 00423nam a2200169Ia 4500 | ||
|---|---|---|---|
| 001 | 16776 | ||
| 005 | 20260306170335.0 | ||
| 008 | 260306t9999||||xx |||||||||||||| ||und|| | ||
| 041 | _aESP | ||
| 082 |
_a657 _bCH533 |
||
| 100 |
_aChávez Ackermann, Pascual _eAUT |
||
| 245 | 0 | _aFundamentos y principios de contabilidad | |
| 300 |
_a433 páginas : _c20 cm. |
||
| 650 | _aGEN | ||
| 654 | _aCCO | ||
| 942 |
_cLIB _dJUS _fJUS _2ddc _n |
||
| 999 |
_c16776 _d16776 |
||